Yeni bir anayasa hazırlığı ve Türkiye : (Record no. 14845)

MARC details
000 -BAŞLIK
Sabit Uzunlukta Kontrol Alanı 00855nam a22002417a 4500
999 ## - SİSTEM KONTROL NUMARALARI (KOHA)
Koha Biblionumber 14845
Koha Biblioitemnumber 14845
003 - KONTROL NUMARASI IDENTIFIER
Denetim Alanı MIRAKIL
005 - SON İŞLEM TARİHİ VE ZAMANI
Denetim Alanı 20220315161606.0
008 - SABİT-BOY VERİ ELEMANLARI - GENEL BİLGİLER
Sabit Uzunlukta Kontrol Alanı 220315b tu ||||| |||| 00| 0 tur d
020 ## - ULUSLARARASI STANDART KİTAP NUMARASI
Uluslararası Standart Kitap Numarası 9786053990970
040 ## - KATALOGLAMA KAYNAK
Orijinal Kataloglama Ajansı TR-AnCHP
Metne Dönüştürmek Ajansı TR-AnCHP
041 ## - DİL KODU
Metin / Ses Parça Veya Ayrı Başlığın Dil Kodu tur
082 ## - DEWEY ONLU SINIFLANDIRMA NUMARASI
Sınıflandırma Numarası 342.56103
Ürün Numarası Y29y 2009
100 ## - ANA GİRİŞ - KİŞİSEL İSİM
Kişisel Ad Yazıcı, Serap
245 10 - BAŞLIK TABLOSU
Başlık Yeni bir anayasa hazırlığı ve Türkiye :
Başlığın Kalan seçkincilikten toplum sözleşmesine /
Sorumluluk Tablosu, Vb Serap Yazıcı.
260 ## - YAYIN, DAĞITIM, VB
Yayın, Dağıtım, Vb Yeri İstanbul :
Yayıncı, Dağıtıcı, Vs Adı İstanbul Bilgi Üniversitesi Yayınları,
Yayın, Dağıtım, Vb Tarihi 2009.
300 ## - FİZİKSEL TANIM
Kapsam 262 s. ;
Boyutlar 23 sm
490 0# - SERİSİ TABLOSU
Seri Beyanı İstanbul Bilgi Üniversitesi Yayınları ;
-- Hukuk ;
Hacim / Ardışık Tanımı 250.
-- 14.
504 ## - KAYNAKÇA VB NOT
Kaynakça Vb Notu Dizin ve kaynakça vardır.
650 #0 - KONU KATMA GİRİŞ - TOPİKAL DÖNEM
9 (RLIN) 6953
Topikal Süreli Veya Coğrafi Ad Giriş Elemanı Anayasa değişikliği
Genel Alt Bölümü Türkiye
650 #0 - KONU KATMA GİRİŞ - TOPİKAL DÖNEM
9 (RLIN) 341
Topikal Süreli Veya Coğrafi Ad Giriş Elemanı Demokratikleşme
Genel Alt Bölümü Türkiye
740 ## - KATMA GİRİŞ - KONTROLSUZ İLGİLİ / ANALİTİK BAŞLIK
Kontrol Edilmeyen / İlgili Analitik Başlıktaki seçkincilikten toplum sözleşmesine
942 ## - EKLENDİ GİRİŞ ELEMANLARI (KOHA)
Sınıflandırma Veya Raf Düzeni Kaynak Dewey Decimal Classification
Koha Öğesi Türü Books
Holdings
Kalıcı Konum Mevcut Konum Edinme Tarihi Toplam Check-Out'Lar Tam Çağrı Numarası Barkod Tarih Son Görülme İtibaren Geçerli Fiyatlar Koha Öğesi Türü
CHP Kütüphanesi CHP Kütüphanesi 03/15/2022   342.56103 Y29y 2009 020359 03/15/2022 03/15/2022 Books